[Event "CYCC U16"]
[Site "Victoria CAN"]
[Date "2009.07.23"]
[Round "7"]
[White "Sapozhnikov, Roman"]
[Black "Szalay, Karoly"]
[Result "0-1"]
[WhiteElo "2358"]
[BlackElo "2273"]
[PlyCount "134"]
[GameId "2160767910093934"]
[EventDate "2009.07.21"]
[EventType "swiss"]
[EventRounds "7"]
[EventCountry "CAN"]
[SourceTitle "EXT 2011"]
[Source "ChessBase"]
[SourceDate "2011.11.26"]
[SourceVersion "1"]
[SourceVersionDate "2011.11.26"]
[SourceQuality "1"]

1. c4 c6 2. Nf3 Nf6 3. g3 d5 4. Qc2 Nbd7 5. Bg2 e5 6. d3 Bd6 7. O-O O-O 8. b3 Re8 9. e3 b6 10. Bb2 Bb7 11. Nbd2 h6 12. Nh4 Bf8 13. Rae1 b5 14. h3 Qb6 15. g4 Re6 16. Kh1 Rae8 17. Nf5 c5 18. e4 bxc4 19. bxc4 d4 20. Rb1 Qc7 21. Nb3 g6 22. Ng3 h5 23. gxh5 Nxh5 24. Nxh5 gxh5 25. Bf3 f5 26. Rg1+ Bg7 27. Qe2 Rf8 28. Nd2 f4 29. Bxh5 Rh6 30. Rg5 Nf6 31. Qf3 Qa5 32. Bc1 Bc8 33. Rxe5 Nh7 34. Rd5 Be6 35. Bg4 Bxd5 36. cxd5 Ng5 37. Qg2 Qc3 38. Bd7 Nf7 39. Qf1 Ne5 40. Rb3 Qa5 41. Be6+ Kh8 42. Ra3 Qc7 43. Nc4 Nxc4 44. dxc4 Be5 45. Qg2 Qh7 46. Rb3 Rg6 47. Bg4 Rfg8 48. f3 Rb6 49. Kg1 Rgb8 50. Rxb6 Rxb6 51. Qc2 d3 52. Qa4 Qe7 53. Kg2 Rb1 54. Qa3 Kg7 55. Bf5 a5 56. Kh2 Qf6 57. Kg2 Qg5+ 58. Bg4 Qh4 59. Bxf4 Rb2+ 60. Qxb2 Bxb2 61. d6 Bc3 62. d7 Bb2 63. Bd6 Bc3 64. Bc7 Bb2 65. Bf4 Bf6 66. Bd2 Bd4 67. Bh6+ Kxh6 0-1

[Event "CYCC U16"]
[Site "Victoria CAN"]
[Date "2009.07.24"]
[Round "7"]
[White "Kleinman, Michael"]
[Black "Lazo, Jan Edmund"]
[Result "1/2-1/2"]
[WhiteElo "2121"]
[BlackElo "1990"]
[PlyCount "53"]
[GameId "2160767910093935"]
[EventDate "2009.07.21"]
[EventType "swiss"]
[EventRounds "7"]
[EventCountry "CAN"]
[SourceTitle "hb 2009.10"]

1. e4 d5 2. Nc3 dxe4 3. Nxe4 Bf5 4. Ng3 Bg6 5. Nf3 Nd7 6. Bc4 e6 7. d3 Ngf6 8. Qe2 c6 9. Bd2 Qc7 10. a4 Bd6 11. a5 Nd5 12. Nd4 O-O 13. O-O Be5 14. c3 b5 15. Bxd5 exd5 16. f4 Bxd4+ 17. cxd4 Rfe8 18. Qf3 f5 19. Rac1 Qd6 20. b4 Qf6 21. Bc3 Re6 22. Rfe1 Rae8 23. Rxe6 Rxe6 24. Qf2 Bf7 25. Bd2 g6 26. h3 Qe7 27. Kf1 1/2-1/2

[Event "CYCC U16"]
[Site "Victoria CAN"]
[Date "2009.07.24"]
[Round "7"]
[White "Rakov, Pavel"]
[Black "Xiong, Jerry"]
[Result "1-0"]
[WhiteElo "2147"]
[BlackElo "2166"]
[PlyCount "135"]
[GameId "2160767910093936"]
[EventDate "2009.07.21"]
[EventType "swiss"]
[EventRounds "7"]
[EventCountry "CAN"]
[SourceTitle "hb 2009.10"]

1. d4 d5 2. c4 c6 3. Nf3 Nf6 4. e3 e6 5. Nbd2 Be7 6. b3 O-O 7. Bb2 a6 8. c5 Qc7 9. Ne5 Nfd7 10. Nd3 a5 11. Be2 b6 12. cxb6 Nxb6 13. O-O Ba6 14. Rc1 Bd6 15. Nf3 f6 16. Nc5 Bxc5 17. Rxc5 N6d7 18. Rc2 Re8 19. Qd2 Bxe2 20. Qxe2 Na6 21. a3 Qb7 22. Nd2 Rac8 23. Rfc1 e5 24. dxe5 fxe5 25. Qg4 c5 26. Bc3 a4 27. Qxa4 d4 28. Ba5 Rc6 29. Qc4+ Kh8 30. b4 Rg6 31. e4 Rf8 32. Qd5 Qxd5 33. exd5 Rd6 34. bxc5 Rxd5 35. c6 Rxa5 36. cxd7 Nb8 37. Nc4 Rc5 38. Nb6 Rxc2 39. Rxc2 d3 40. Rd2 e4 41. f3 exf3 42. Rxd3 Nc6 43. Rxf3 Kg8 44. Rxf8+ Kxf8 45. Kf2 Ke7 46. Ke3 Kd6 47. Ke4 Kc5 48. Nc8 Nd8 49. Ke5 Kc6 50. Nd6 Kxd7 51. Nf5 g6 52. Nd4 Ke7 53. a4 Nb7 54. Nc6+ Kd7 55. Kd5 Nd6 56. a5 Nb5 57. Ne5+ Ke7 58. Kc5 Nc7 59. Kc6 Kd8 60. Nf7+ Kc8 61. Nd6+ Kb8 62. Nb5 Ne6 63. a6 g5 64. a7+ Ka8 65. Nc7+ Nxc7 66. Kxc7 g4 67. Kd6 Kxa7 68. Ke5 1-0

[Event "CYCC U16"]
[Site "Victoria CAN"]
[Date "2009.07.24"]
[Round "7"]
[White "Raymer, Elliot"]
[Black "Wu, Allan"]
[Result "1-0"]
[WhiteElo "1776"]
[BlackElo "1910"]
[PlyCount "43"]
[GameId "2160767910093937"]
[EventDate "2009.07.21"]
[EventType "swiss"]
[EventRounds "7"]
[EventCountry "CAN"]
[SourceTitle "hb 2009.10"]

1. e4 c5 2. d4 cxd4 3. c3 dxc3 4. Nxc3 Nc6 5. Nf3 e6 6. Bc4 Bc5 7. Qe2 Nge7 8. O-O O-O 9. Rd1 Na5 10. Bb5 Qc7 11. Na4 d5 12. Nxc5 Qxc5 13. b4 Qxb4 14. a4 dxe4 15. Ba3 exf3 16. Qxf3 Qb3 17. Bxe7 Qxf3 18. gxf3 a6 19. Bxf8 Kxf8 20. Rd8+ Ke7 21. Re8+ Kf6 22. Bd7 1-0

[Event "CYCC U16"]
[Site "Victoria CAN"]
[Date "2009.07.24"]
[Round "7"]
[White "Wang, Jesse BJ"]
[Black "Prysiazny, Michael"]
[Result "1-0"]
[WhiteElo "1980"]
[BlackElo "2007"]
[PlyCount "81"]
[GameId "2160767910093938"]
[EventDate "2009.07.21"]
[EventType "swiss"]
[EventRounds "7"]
[EventCountry "CAN"]
[SourceTitle "hb 2009.10"]

1. e4 e5 2. Nf3 Nc6 3. Bb5 a6 4. Ba4 Nf6 5. O-O Be7 6. Re1 b5 7. Bb3 O-O 8. d4 d6 9. c3 Bg4 10. Be3 Qc8 11. h3 Bh5 12. Nbd2 Na5 13. Bc2 c5 14. d5 Rb8 15. Nf1 Rd8 16. Ng3 Bxf3 17. Qxf3 Rd7 18. b3 Bf8 19. Bg5 Ne8 20. Bd1 f6 21. Bd2 g6 22. Qe3 h5 23. f4 Bh6 24. Qf2 Rf7 25. f5 Bxd2 26. Qxd2 g5 27. Bxh5 Rh7 28. Bg6 Rh6 29. h4 Rxh4 30. Nh5 Rxh5 31. Bxh5 Ng7 32. Bg6 Qc7 33. Kf2 Rd8 34. Rh1 Ne8 35. Rh6 Qb6 36. Qe3 Ng7 37. Rh8+ Kxh8 38. Qh3+ Kg8 39. Qh7+ Kf8 40. Qh8+ Ke7 41. Qxg7# 1-0

[Event "CYCC U16U18 w"]
[Site "Victoria CAN"]
[Date "2009.07.21"]
[Round "1"]
[White "Du, Jasmine"]
[Black "McDonald, Dorissa"]
[Result "1-0"]
[WhiteElo "1810"]
[BlackElo "702"]
[PlyCount "41"]
[GameId "2160767910093939"]
[EventDate "2009.07.21"]
[EventType "tourn"]
[EventRounds "7"]
[EventCountry "CAN"]
[SourceTitle "EXT 2011"]
[Source "ChessBase"]
[SourceDate "2011.11.26"]
[SourceVersion "1"]
[SourceVersionDate "2011.11.26"]
[SourceQuality "1"]

1. d4 g5 2. Bxg5 Na6 3. e4 b5 4. Bxb5 Rb8 5. Qe2 c6 6. Bxa6 Rb6 7. Bxc8 Qxc8 8. b3 d6 9. Nf3 h6 10. Bf4 Nf6 11. Nc3 a5 12. e5 Bg7 13. exf6 Bxf6 14. Bxd6 e6 15. O-O Rb5 16. Nxb5 Qb7 17. Nc7+ Kd8 18. Ne5 Kc8 19. Qc4 Kb8 20. Nxc6+ Kc8 21. Nxe6 1-0

[Event "CYCC U16U18 w"]
[Site "Victoria CAN"]
[Date "2009.07.21"]
[Round "1"]
[White "Powell, Samantha"]
[Black "Lam, Karen"]
[Result "1-0"]
[WhiteElo "1604"]
[BlackElo "1007"]
[PlyCount "77"]
[GameId "2160767910093941"]
[EventDate "2009.07.21"]
[EventType "tourn"]
[EventRounds "7"]
[EventCountry "CAN"]
[SourceTitle "EXT 2011"]
[Source "ChessBase"]
[SourceDate "2011.11.26"]
[SourceVersion "1"]
[SourceVersionDate "2011.11.26"]
[SourceQuality "1"]

1. e4 e5 2. Nf3 Nc6 3. Bc4 Nf6 4. d4 exd4 5. e5 Nh5 6. O-O Bc5 7. Ng5 Nxe5 8. Qxh5 g6 9. Qe2 Qe7 10. Bd2 d6 11. Re1 O-O 12. c3 Re8 13. Bxf7+ Nxf7 14. Qxe7 Rxe7 15. Rxe7 Nxg5 16. Bxg5 Bg4 17. cxd4 Bxd4 18. Nc3 Rf8 19. Be3 Bxe3 20. Rxe3 b6 21. f3 Bf5 22. Rae1 Rf7 23. Nb5 c6 24. Nxd6 Rf6 25. Re8+ Rf8 26. Nxf5 Rxe8 27. Rxe8+ Kf7 28. Nd6+ Kg7 29. Re7+ Kg8 30. Rxa7 Kf8 31. Rxh7 Kg8 32. Rb7 Kf8 33. Kf2 Kg8 34. Ke3 Kh8 35. Ke4 Kg8 36. Ke5 Kf8 37. Kf6 Kg8 38. Ne4 Kf8 39. Rb8# 1-0

[Event "CYCC U16U18 w"]
[Site "Victoria CAN"]
[Date "2009.07.21"]
[Round "1"]
[White "Yang, Marguerite"]
[Black "Xiong, Sonja"]
[Result "1/2-1/2"]
[WhiteElo "1704"]
[BlackElo "1843"]
[PlyCount "89"]
[GameId "2160767910093942"]
[EventDate "2009.07.21"]
[EventType "tourn"]
[EventRounds "7"]
[EventCountry "CAN"]
[SourceTitle "EXT 2011"]
[Source "ChessBase"]
[SourceDate "2011.11.26"]
[SourceVersion "1"]
[SourceVersionDate "2011.11.26"]
[SourceQuality "1"]

1. d4 d5 2. c4 e6 3. Nc3 Nf6 4. Bg5 c6 5. Nf3 Nbd7 6. e3 Be7 7. cxd5 cxd5 8. Rc1 a6 9. g3 O-O 10. Bg2 b5 11. a3 Bb7 12. O-O Rc8 13. Qd3 Ne4 14. Bxe7 Qxe7 15. Ne5 Nxe5 16. dxe5 Nxc3 17. Rxc3 Rxc3 18. Qxc3 Rc8 19. Qd2 Qc7 20. f4 a5 21. Re1 Qb6 22. Rc1 Rxc1+ 23. Qxc1 b4 24. a4 b3 25. Bf1 d4 26. Kf2 Kf8 27. Bb5 Ke7 28. Qd2 dxe3+ 29. Qxe3 Qxe3+ 30. Kxe3 Kd8 31. Kd4 Kc7 32. Kc5 Bd5 33. Bd3 Bc6 34. Bb5 Bd5 35. Be8 f6 36. exf6 gxf6 37. g4 Bf3 38. g5 fxg5 39. fxg5 e5 40. g6 hxg6 41. Bxg6 Kd7 42. h4 Ke7 43. h5 Kf6 44. Kb5 e4 45. Bxe4 1/2-1/2

[Event "CYCC U16U18 w"]
[Site "Victoria CAN"]
[Date "2009.07.21"]
[Round "2"]
[White "Lam, Karen"]
[Black "Kagramanov, Dalia"]
[Result "0-1"]
[WhiteElo "1007"]
[BlackElo "1941"]
[PlyCount "64"]
[GameId "2160767910093943"]
[EventDate "2009.07.21"]
[EventType "tourn"]
[EventRounds "7"]
[EventCountry "CAN"]
[SourceTitle "EXT 2011"]
[Source "ChessBase"]
[SourceDate "2011.11.26"]
[SourceVersion "1"]
[SourceVersionDate "2011.11.26"]
[SourceQuality "1"]

1. e4 c5 2. Nf3 d6 3. Bc4 e6 4. Nc3 Nf6 5. d3 Be7 6. O-O O-O 7. a3 a6 8. Bd2 Nc6 9. Re1 Qc7 10. h3 b5 11. Bb3 Bb7 12. Qe2 Nd7 13. Rab1 Nce5 14. Bf4 c4 15. dxc4 bxc4 16. Ba4 Nxf3+ 17. Qxf3 f5 18. Bxd7 Qxd7 19. Qe2 fxe4 20. Nxe4 Rxf4 21. Qxc4 d5 22. Qd3 Qc6 23. Ng3 Raf8 24. Qd2 d4 25. f3 Bh4 26. Kh2 Qd5 27. Rf1 Qe5 28. Rbe1 Bxg3+ 29. Kxg3 Rxf3+ 30. Kg4 Qg3+ 31. Kh5 R8f5+ 32. Qg5 Rxg5# 0-1

[Event "CYCC U16U18 w"]
[Site "Victoria CAN"]
[Date "2009.07.21"]
[Round "2"]
[White "McDonald, Dorissa"]
[Black "Yang, Marguerite"]
[Result "0-1"]
[WhiteElo "702"]
[BlackElo "1704"]
[PlyCount "44"]
[GameId "2160767910093944"]
[EventDate "2009.07.21"]
[EventType "tourn"]
[EventRounds "7"]
[EventCountry "CAN"]
[SourceTitle "hb 2009.10"]

1. e4 c5 2. Nf3 d6 3. Nc3 g6 4. Bd3 Bg7 5. O-O Nf6 6. b3 d5 7. Ba3 b6 8. b4 c4 9. b5 cxd3 10. cxd3 O-O 11. d4 dxe4 12. d3 exf3 13. Qxf3 Qxd4 14. Ne2 Qd5 15. Rac1 Bb7 16. Nc3 Qxf3 17. Ne4 Qxd3 18. Ng3 Qxa3 19. Rc2 Nbd7 20. Ne2 Qd3 21. Nc1 Qe4 22. Re2 Qxg2# 0-1

[Event "CYCC U16U18 w"]
[Site "Victoria CAN"]
[Date "2009.07.21"]
[Round "2"]
[White "Nelson, Shania"]
[Black "Du, Jasmine"]
[Result "0-1"]
[WhiteElo "811"]
[BlackElo "1810"]
[PlyCount "36"]
[GameId "2160767910093945"]
[EventDate "2009.07.21"]
[EventType "tourn"]
[EventRounds "7"]
[EventCountry "CAN"]
[SourceTitle "EXT 2011"]
[Source "ChessBase"]
[SourceDate "2011.11.26"]
[SourceVersion "1"]
[SourceVersionDate "2011.11.26"]
[SourceQuality "1"]

1. Nh3 e5 2. e3 d5 3. a3 Bc5 4. Nc3 Nf6 5. Na4 Bd6 6. Rg1 c5 7. g3 Nc6 8. f3 e4 9. f4 Bg4 10. Nf2 Bxd1 11. Kxd1 d4 12. Nxe4 Nxe4 13. Bb5 Rc8 14. Rf1 dxe3 15. dxe3 Bxf4+ 16. Ke1 Qa5+ 17. Kd1 Rd8+ 18. Bd2 Qxd2# 0-1

[Event "CYCC U16U18 w"]
[Site "Victoria CAN"]
[Date "2009.07.21"]
[Round "2"]
[White "Xiong, Sonja"]
[Black "Powell, Samantha"]
[Result "1-0"]
[WhiteElo "1843"]
[BlackElo "1604"]
[PlyCount "65"]
[GameId "2160767910093946"]
[EventDate "2009.07.21"]
[EventType "tourn"]
[EventRounds "7"]
[EventCountry "CAN"]
[SourceTitle "EXT 2011"]
[Source "ChessBase"]
[SourceDate "2011.11.26"]
[SourceVersion "1"]
[SourceVersionDate "2011.11.26"]
[SourceQuality "1"]

1. e4 e5 2. Nf3 Nc6 3. Bc4 Nf6 4. d3 Be7 5. Nc3 d6 6. Ng5 O-O 7. O-O h6 8. Nxf7 Rxf7 9. Bxf7+ Kxf7 10. f4 Bg4 11. Qe1 Nd4 12. Qf2 c6 13. Be3 Qb6 14. Rab1 Kg8 15. fxe5 dxe5 16. Qg3 Bd7 17. Kh1 Qc5 18. Bxh6 Nh5 19. Qg6 Qd6 20. Qxh5 gxh6 21. Ne2 Nxc2 22. Rf3 Be8 23. Rg3+ Bg5 24. Qf3 Qf8 25. h4 Qxf3 26. gxf3 Bh5 27. hxg5 Rf8 28. gxh6+ Kh7 29. Ng1 Kxh6 30. Rc1 Nd4 31. Kg2 Bxf3+ 32. Nxf3 Ne2 33. Rh1# 1-0

[Event "CYCC U16U18 w"]
[Site "Victoria CAN"]
[Date "2009.07.22"]
[Round "3"]
[White "Du, Jasmine"]
[Black "Lam, Karen"]
[Result "1-0"]
[WhiteElo "1810"]
[BlackElo "1007"]
[PlyCount "51"]
[GameId "2160767910093947"]
[EventDate "2009.07.21"]
[EventType "tourn"]
[EventRounds "7"]
[EventCountry "CAN"]
[SourceTitle "EXT 2011"]
[Source "ChessBase"]
[SourceDate "2011.11.26"]
[SourceVersion "1"]
[SourceVersionDate "2011.11.26"]
[SourceQuality "1"]

1. d4 d5 2. e3 Nf6 3. Nf3 Bf5 4. c4 e6 5. Qb3 b6 6. Nc3 Na6 7. Qb5+ Qd7 8. Qxa6 Bb4 9. Bd2 Ne4 10. Nxe4 dxe4 11. Bxb4 exf3 12. gxf3 Qc6 13. Bg2 Bg4 14. e4 Bh5 15. O-O Rd8 16. Rfd1 h6 17. c5 Rb8 18. Rac1 Qd7 19. c6 Qd8 20. Qb5 Bg6 21. d5 exd5 22. Rxd5 Qf6 23. Re5+ Kd8 24. Rd1+ Kc8 25. Qa6+ Rb7 26. Qxb7# 1-0

[Event "CYCC U16U18 w"]
[Site "Victoria CAN"]
[Date "2009.07.22"]
[Round "3"]
[White "Kagramanov, Dalia"]
[Black "Xiong, Sonja"]
[Result "0-1"]
[WhiteElo "1941"]
[BlackElo "1843"]
[PlyCount "106"]
[GameId "2160767910093948"]
[EventDate "2009.07.21"]
[EventType "tourn"]
[EventRounds "7"]
[EventCountry "CAN"]
[SourceTitle "EXT 2011"]
[Source "ChessBase"]
[SourceDate "2011.11.26"]
[SourceVersion "1"]
[SourceVersionDate "2011.11.26"]
[SourceQuality "1"]

1. e4 c5 2. Nf3 Nc6 3. d4 cxd4 4. Nxd4 Nf6 5. Nc3 e5 6. Ndb5 d6 7. Bg5 a6 8. Na3 b5 9. Nd5 Be7 10. Bxf6 Bxf6 11. c4 Qa5+ 12. Qd2 Qxd2+ 13. Kxd2 Bg5+ 14. Ke1 O-O 15. cxb5 axb5 16. Nxb5 Rd8 17. h4 Bh6 18. Be2 Ra4 19. f3 Be6 20. b3 Ra5 21. b4 Ra4 22. Bd1 Raa8 23. Ndc7 Rab8 24. a3 Bc4 25. Be2 Bxb5 26. Nxb5 d5 27. g4 Bf4 28. Rd1 dxe4 29. fxe4 Bg3+ 30. Kf1 Rxd1+ 31. Bxd1 Rxb5 32. Rh3 Bf4 33. Ba4 Rb6 34. Rc3 Ne7 35. Rc7 Kf8 36. Rd7 g5 37. Rd8+ Kg7 38. Rd7 Ng6 39. h5 Nf8 40. Re7 Bc1 41. Rxe5 Bxa3 42. Rxg5+ Kh6 43. Rf5 Rxb4 44. Be8 Rxe4 45. g5+ Kxh5 46. Ra5 Rxe8 47. Rxa3 Kxg5 48. Rg3+ Kf6 49. Rf3+ Kg7 50. Rg3+ Ng6 51. Kf2 Re4 52. Kf3 Rf4+ 53. Ke3 Rf6 0-1

[Event "CYCC U16U18 w"]
[Site "Victoria CAN"]
[Date "2009.07.22"]
[Round "3"]
[White "Nelson, Shania"]
[Black "McDonald, Dorissa"]
[Result "1-0"]
[WhiteElo "811"]
[BlackElo "702"]
[PlyCount "67"]
[GameId "2160767910093949"]
[EventDate "2009.07.21"]
[EventType "tourn"]
[EventRounds "7"]
[EventCountry "CAN"]
[SourceTitle "hb 2009.10"]

1. Nh3 e6 2. e3 Nh6 3. Na3 Bd6 4. Nc4 O-O 5. d3 Na6 6. e4 Bb4+ 7. c3 c6 8. a3 d6 9. axb4 b5 10. e5 c5 11. Nxd6 Nf5 12. d4 cxb4 13. Nxf5 Nc7 14. cxb4 Nd5 15. Nxg7 Kxg7 16. Qg4+ Kh8 17. Qe2 Rg8 18. f3 Nxb4 19. Bd2 Nc2+ 20. Kd1 Nxa1 21. Bg5 Qxd4+ 22. Ke1 Qb4+ 23. Bd2 Qc4 24. Qf2 Nc2+ 25. Kd1 b4 26. Bxc4 Na1 27. Bd3 Bd7 28. Qh4 Ba4+ 29. Ke2 Rad8 30. Bxh7 Kg7 31. Bg5 Bb5+ 32. Kf2 Rd2+ 33. Kg3 a6 34. Bf6+ 1-0

[Event "CYCC U16U18 w"]
[Site "Victoria CAN"]
[Date "2009.07.22"]
[Round "3"]
[White "Powell, Samantha"]
[Black "Yang, Marguerite"]
[Result "1-0"]
[WhiteElo "1604"]
[BlackElo "1704"]
[PlyCount "109"]
[GameId "2160767910093950"]
[EventDate "2009.07.21"]
[EventType "tourn"]
[EventRounds "7"]
[EventCountry "CAN"]
[SourceTitle "EXT 2011"]
[Source "ChessBase"]
[SourceDate "2011.11.26"]
[SourceVersion "1"]
[SourceVersionDate "2011.11.26"]
[SourceQuality "1"]

1. e4 c5 2. Nf3 d6 3. d4 cxd4 4. Nxd4 Nf6 5. Nc3 g6 6. Be3 Bg7 7. f3 O-O 8. Qd2 Nc6 9. O-O-O Bd7 10. g4 Ne5 11. h4 h5 12. gxh5 Nxh5 13. Bh3 Nc4 14. Qd3 Nxe3 15. Qxe3 Rc8 16. Bxd7 Qxd7 17. f4 Bh6 18. Rdf1 e5 19. Nde2 b5 20. Nd5 Qb7 21. Qb3 Rc4 22. Qd3 Kg7 23. b3 Rcc8 24. Kb1 exf4 25. Nexf4 Bxf4 26. Nxf4 Nxf4 27. Qd4+ Kg8 28. Rxf4 Qc7 29. Rh2 a5 30. a3 a4 31. b4 Qe7 32. Rf6 Qe5 33. Qxe5 dxe5 34. h5 Kg7 35. Rb6 Rb8 36. Rxb8 Rxb8 37. hxg6 fxg6 38. Kc1 Rh8 39. Rxh8 Kxh8 40. Kd2 Kg7 41. c4 Kf7 42. c5 Ke6 43. Ke3 Ke7 44. Kf3 Ke6 45. Kg3 Ke7 46. Kg4 Kf6 47. Kh4 Ke6 48. Kg5 Kf7 49. c6 Ke6 50. Kxg6 Kd6 51. Kf6 Kxc6 52. Kxe5 Kd7 53. Kf6 Ke8 54. Ke6 Kd8 55. Kf7 1-0

[Event "CYCC U16U18 w"]
[Site "Victoria CAN"]
[Date "2009.07.22"]
[Round "4"]
[White "Lam, Karen"]
[Black "Nelson, Shania"]
[Result "1-0"]
[WhiteElo "1007"]
[BlackElo "811"]
[PlyCount "43"]
[GameId "2160767910093951"]
[EventDate "2009.07.21"]
[EventType "tourn"]
[EventRounds "7"]
[EventCountry "CAN"]
[SourceTitle "hb 2009.10"]

1. e4 Na6 2. Nf3 e6 3. Nc3 Nh6 4. Bc4 g6 5. d3 b6 6. O-O Nf5 7. exf5 exf5 8. Ng5 f6 9. Nf7 Qe7 10. Nxh8 g5 11. Re1 d6 12. Rxe7+ Bxe7 13. Qe1 Bd7 14. Be6 Bc6 15. b3 g4 16. Bxf5 Nc5 17. Bxh7 f5 18. Ng6 Be4 19. dxe4 f4 20. e5 dxe5 21. Qxe5 Rd8 22. Qxe7# 1-0

[Event "CYCC U16U18 w"]
[Site "Victoria CAN"]
[Date "2009.07.22"]
[Round "4"]
[White "McDonald, Dorissa"]
[Black "Powell, Samantha"]
[Result "0-1"]
[WhiteElo "702"]
[BlackElo "1604"]
[PlyCount "38"]
[GameId "2160767910093952"]
[EventDate "2009.07.21"]
[EventType "tourn"]
[EventRounds "7"]
[EventCountry "CAN"]
[SourceTitle "EXT 2011"]
[Source "ChessBase"]
[SourceDate "2011.11.26"]
[SourceVersion "1"]
[SourceVersionDate "2011.11.26"]
[SourceQuality "1"]

1. d3 e5 2. e3 d5 3. Nf3 Nc6 4. Nc3 Nf6 5. Be2 Bf5 6. O-O Bc5 7. d4 exd4 8. exd4 Bb6 9. Bf4 O-O 10. Bc4 dxc4 11. Qe2 Nxd4 12. b3 Nxe2+ 13. Kh1 Nxf4 14. Nh4 Bxc2 15. Rac1 Bd3 16. Na4 Bxf1 17. Rxf1 Ng4 18. bxc4 Nxf2+ 19. Kg1 Ne2# 0-1

[Event "CYCC U16U18 w"]
[Site "Victoria CAN"]
[Date "2009.07.22"]
[Round "4"]
[White "Xiong, Sonja"]
[Black "Du, Jasmine"]
[Result "0-1"]
[WhiteElo "1843"]
[BlackElo "1810"]
[PlyCount "56"]
[GameId "2160767910093953"]
[EventDate "2009.07.21"]
[EventType "tourn"]
[EventRounds "7"]
[EventCountry "CAN"]
[SourceTitle "EXT 2011"]
[Source "ChessBase"]
[SourceDate "2011.11.26"]
[SourceVersion "1"]
[SourceVersionDate "2011.11.26"]
[SourceQuality "1"]

1. e4 b6 2. d4 Bb7 3. Nc3 e6 4. Bd3 c5 5. Nf3 cxd4 6. Nxd4 d6 7. O-O Nf6 8. Re1 Be7 9. Bb5+ Nfd7 10. Qg4 O-O 11. Bh6 Bf6 12. Rad1 Kh8 13. Be3 Ne5 14. Qh3 a6 15. Be2 Qc7 16. f4 Nc4 17. b3 Nxe3 18. Qxe3 Nc6 19. Nxc6 Qxc6 20. Na4 b5 21. Nb6 Rad8 22. Bd3 Bc3 23. Re2 Ba5 24. Kh1 Bxb6 25. Qh3 e5 26. fxe5 dxe5 27. Rf1 f6 28. Rf5 Bc8 0-1

[Event "CYCC U16U18 w"]
[Site "Victoria CAN"]
[Date "2009.07.22"]
[Round "4"]
[White "Yang, Marguerite"]
[Black "Kagramanov, Dalia"]
[Result "0-1"]
[WhiteElo "1704"]
[BlackElo "1941"]
[PlyCount "74"]
[GameId "2160767910093954"]
[EventDate "2009.07.21"]
[EventType "tourn"]
[EventRounds "7"]
[EventCountry "CAN"]
[SourceTitle "EXT 2011"]
[Source "ChessBase"]
[SourceDate "2011.11.26"]
[SourceVersion "1"]
[SourceVersionDate "2011.11.26"]
[SourceQuality "1"]

1. d4 Nf6 2. c4 g6 3. Nc3 d5 4. cxd5 Nxd5 5. e4 Nxc3 6. bxc3 Bg7 7. Bc4 O-O 8. Ne2 Nd7 9. O-O c5 10. Be3 Qc7 11. Rc1 b6 12. f3 Bb7 13. Qd2 Rfd8 14. Qc2 Bc6 15. a4 a6 16. Qb3 Rf8 17. Rb1 e6 18. Rfd1 Bf6 19. Nf4 Bg5 20. g3 e5 21. Nd5 Bxe3+ 22. Nxe3 Rab8 23. Bxa6 cxd4 24. cxd4 exd4 25. Rxd4 Nc5 26. Qc4 Bxa4 27. Bb5 Bxb5 28. Rxb5 Rfd8 29. Nd5 Qa7 30. Qc3 Rd6 31. e5 Rc6 32. Nf6+ Kg7 33. Rh4 h5 34. g4 Ne4 35. Qb2 Rbc8 36. Nxh5+ Kg8 37. Ng3 Nxg3 0-1

[Event "CYCC U16U18 w"]
[Site "Victoria CAN"]
[Date "2009.07.22"]
[Round "5"]
[White "Du, Jasmine"]
[Black "Yang, Marguerite"]
[Result "1/2-1/2"]
[WhiteElo "1810"]
[BlackElo "1704"]
[PlyCount "74"]
[GameId "2160767910093955"]
[EventDate "2009.07.21"]
[EventType "tourn"]
[EventRounds "7"]
[EventCountry "CAN"]
[SourceTitle "EXT 2011"]
[Source "ChessBase"]
[SourceDate "2011.11.26"]
[SourceVersion "1"]
[SourceVersionDate "2011.11.26"]
[SourceQuality "1"]

1. d4 Nf6 2. c4 g6 3. Nc3 Bg7 4. e4 d6 5. Nf3 O-O 6. Be2 e5 7. dxe5 dxe5 8. Qxd8 Rxd8 9. Bg5 Re8 10. Nd5 Nxd5 11. cxd5 h6 12. Be3 f5 13. Nd2 Rd8 14. Rc1 c6 15. Bc4 Kh7 16. f3 b6 17. dxc6 Na6 18. O-O f4 19. Bd5 Nc7 20. Bf2 Nxd5 21. exd5 Rxd5 22. Ne4 Bf5 23. Nc3 Rd2 24. b4 Bf8 25. a3 Rc8 26. Rfd1 Rxd1+ 27. Nxd1 e4 28. fxe4 Bxe4 29. b5 g5 30. Nc3 Bf5 31. a4 Bg7 32. Nd5 Be6 33. Nc3 Bb3 34. a5 bxa5 35. Bxa7 Bc4 36. Kh1 Bxc3 37. Rxc3 Bxb5 1/2-1/2

[Event "CYCC U16U18 w"]
[Site "Victoria CAN"]
[Date "2009.07.22"]
[Round "5"]
[White "Kagramanov, Dalia"]
[Black "Powell, Samantha"]
[Result "1-0"]
[WhiteElo "1941"]
[BlackElo "1604"]
[PlyCount "43"]
[GameId "2160767910093956"]
[EventDate "2009.07.21"]
[EventType "tourn"]
[EventRounds "7"]
[EventCountry "CAN"]
[SourceTitle "EXT 2011"]
[Source "ChessBase"]
[SourceDate "2011.11.26"]
[SourceVersion "1"]
[SourceVersionDate "2011.11.26"]
[SourceQuality "1"]

1. e4 e5 2. Nf3 Nc6 3. Bc4 Nf6 4. d3 Be7 5. c3 O-O 6. Be3 d5 7. exd5 Nxd5 8. O-O Nxe3 9. fxe3 Bg4 10. Nbd2 a6 11. Qe2 Qd7 12. a4 Rad8 13. b4 Bxf3 14. Rxf3 Na7 15. Raf1 Bf6 16. Ne4 b5 17. Nxf6+ gxf6 18. Rg3+ Kh8 19. Qh5 bxc4 20. Rf5 Rg8 21. Qxh7+ Kxh7 22. Rh5# 1-0

[Event "CYCC U16U18 w"]
[Site "Victoria CAN"]
[Date "2009.07.23"]
[Round "5"]
[White "Nelson, Shania"]
[Black "Xiong, Sonja"]
[Result "0-1"]
[WhiteElo "811"]
[BlackElo "1843"]
[PlyCount "44"]
[GameId "2160767910093958"]
[EventDate "2009.07.21"]
[EventType "tourn"]
[EventRounds "7"]
[EventCountry "CAN"]
[SourceTitle "hb 2009.10"]

1. e3 d5 2. d3 e5 3. Nf3 Nc6 4. Nc3 Nf6 5. h3 Bb4 6. Qd2 d4 7. a3 dxc3 8. Ra2 cxd2+ 9. Kd1 dxc1=Q+ 10. Kxc1 Be7 11. Nh4 Ne4 12. f3 Ng3 13. Rh2 Nxf1 14. f4 e4 15. b3 Nxh2 16. a4 exd3 17. cxd3 Qxd3 18. Rd2 Ba3+ 19. Kd1 Qf1+ 20. Kc2 Qc1+ 21. Kd3 Nb4+ 22. Ke2 Qf1# 0-1

[Event "CYCC U16U18 w"]
[Site "Victoria CAN"]
[Date "2009.07.23"]
[Round "6"]
[White "McDonald, Dorissa"]
[Black "Kagramanov, Dalia"]
[Result "0-1"]
[WhiteElo "702"]
[BlackElo "1941"]
[PlyCount "32"]
[GameId "2160767910093959"]
[EventDate "2009.07.21"]
[EventType "tourn"]
[EventRounds "7"]
[EventCountry "CAN"]
[SourceTitle "EXT 2011"]
[Source "ChessBase"]
[SourceDate "2011.11.26"]
[SourceVersion "1"]
[SourceVersionDate "2011.11.26"]
[SourceQuality "1"]

1. d4 Nf6 2. Nc3 d5 3. e4 Nxe4 4. Nge2 g6 5. b3 Bg7 6. Bb2 O-O 7. Ba3 c5 8. b4 cxd4 9. Bb2 dxc3 10. Ba3 Qb6 11. Qxd5 Nxf2 12. Rd1 Nxd1 13. Kxd1 Rd8 14. Nf4 Rxd5+ 15. Nxd5 Qd4+ 16. Ke1 Qd2# 0-1